| 000 | 00469cam a2200169ua 4500 | ||
|---|---|---|---|
| 001 | 3593 | ||
| 008 | 111118n ii |||gr||||Z||||||asm | ||
| 040 | _cMAIN | ||
| 100 | 1 |
_aSarma, Mahesh Chandra, _eAuthor. |
|
| 245 | 1 | 1 |
_aSikshatattva aru siksha monobigyan sahayika _cby Mahesh Chandra Sarma |
| 250 | _a1st. | ||
| 260 |
_aKokrajhar: _bBina Library. |
||
| 300 | _a216p:5cm. | ||
| 653 | _aEducation | ||
| 653 | _aSikshatattva aru siksha monobigyan sahayika | ||
| 942 | _cBK | ||
| 999 |
_c3434 _d3434 |
||